01409nab a22002417a 4500999001500000003000400015005001700019008004100036040000700077100003000084245012800114260007200242300001300314500003900327505043100366505008900797650002600886650003400912650003400946700003100980773014301011942001301154 c5980d5980OSt20260115173342.0190605e xxu||||| |||| 00| 0 spa d cPJ 96175aIbañez, Priscila 13aLa perspectiva de género y su incidencia en la determinación de los salarios /cPriscila Ibañez, Fernando Almejún.  aCiudad Autónoma de Buenos Aires :bThomson Reuters La Ley,c2022. ap. 16-22 aCita: TR LALEY AR/DOC/3147/2022.  aSumario: I. Introducción. — II. La madre del borrego: los estereotipos de género. — III. Una pista con mayores obstáculos: Sobre las paredes invisibles, escaleras rotas, pisos pegajosos y techos de cristal. — IV. El trabajo de igual valor: importancia y fundamentos del concepto. — V. ¿Cómo se determina el valor de un trabajo? — VI. El rol de los distintos actores sociales. — VII. Conclusiones finales.  t¿Te interesa el texto completo? Solicitalo al correo: koha@justierradelfuego.gov.ar 091316aDERECHO LABORAL 091570aDERECHOS DEL TRABAJADOR 094044aPERSPECTIVA DE GÉNERO 96789aAlmejún, Fernando 0 0271193168dCiudad Autónoma de Buenos Aires : Thomson Reuters La Ley, 1999-2002.tRevista de derecho del trabajo. Nº 6 - Noviembre 2022 2udccANA